Experiencias de salvaguardia del patrimonio cultural inmaterial : (Registro nro. 34319)

Detalles MARC
000 -LEADER
campo de control de longitud fija 05356nam a2200517 i 4500
001 - NÚMERO DE CONTROL
campo de control 34319
003 - IDENTIFICADOR DE NÚMERO DE CONTROL
campo de control FINmELB
005 - FECHA Y HORA DE LA ÚLTIMA TRANSACCIÓN
campo de control 20241216220909.0
006 - CÓDIGOS DE INFORMACIÓN DE LONGITUD FIJA--CARACTERÍSTICAS DEL MATERIAL ADICIONAL
campo de control de longitud fija m o u
007 - CAMPO FIJO DE DESCRIPCIÓN FÍSICA--INFORMACIÓN GENERAL
campo de control de longitud fija cr cn|||||||||
008 - DATOS DE LONGITUD FIJA--INFORMACIÓN GENERAL
campo de control de longitud fija 200710s2015 mx ab ob 100 0 spa d
020 ## - NÚMERO INTERNACIONAL ESTÁNDAR DEL LIBRO
Número Internacional Estándar del Libro 9781512977141
Información calificativa (e-book)
020 ## - NÚMERO INTERNACIONAL ESTÁNDAR DEL LIBRO
ISBN cancelado o inválido 9786078348862
035 ## - NÚMERO DE CONTROL DEL SISTEMA
Número de control de sistema (OCoLC)1165368347
040 ## - FUENTE DE CATALOGACIÓN
Centro catalogador/agencia de origen FINmELB
Lengua de catalogación spa
Normas de descripción rda
Centro/agencia transcriptor FINmELB
043 ## - CÓDIGO DE ÁREA GEOGRÁFICA
Código de área geográfica n-mx---
050 00 - SIGNATURA TOPOGRÁFICA DE LA BIBLIOTECA DEL CONGRESO
Número de clasificación F1210
Número de ítem .C6645 2015
080 ## - NÚMERO DE LA CLASIFICACIÓN DECIMAL UNIVERSAL
Número de la Clasificación Decimal Universal 338.483.13
082 00 - NÚMERO DE LA CLASIFICACIÓN DECIMAL DEWEY
Número de clasificación 363.69098
Información de edición 23
110 2# - ENTRADA PRINCIPAL--NOMBRE DE ENTIDAD CORPORATIVA
Nombre de entidad corporativa o nombre de jurisdicción como elemento de entrada Congreso Internacional sobre Experiencias en la Salvaguardia del Patrimonio Cultural Inmaterial
Número del congreso/reunión o número de parte o sección (2nd :
Fecha del congreso o de la firma del tratado 2013 :
Sede del congreso/Lugar de la reunión Zacatecas, Zacatecas, Mexico)
245 10 - MENCIÓN DEL TÍTULO
Título Experiencias de salvaguardia del patrimonio cultural inmaterial :
Resto del título nuevas miradas /
Mención de responsabilidad, etc. Cristina Amescua Chávez e Hilario Topete Lara (coordinadores).
264 #1 - PRODUCCIÓN, PUBLICACIÓN, DISTRIBUCIÓN, FABRICACIÓN Y COPYRIGHT
Producción, publicación, distribución, fabricación y copyright México, D. F. :
Nombre del de productor, editor, distribuidor, fabricante Bonilla Artigas Editores ;
Producción, publicación, distribución, fabricación y copyright Cuernavaca, Morelos :
Nombre del de productor, editor, distribuidor, fabricante Universidad Nacional Autónoma de México, Centro Regional de Investigaciones Multidisciplinarias,
Fecha de producción, publicación, distribución, fabricación o copyright 2015.
300 ## - DESCRIPCIÓN FÍSICA
Extensión 1 recurso en línea (481 páginas) :
Otras características físicas ilustraciones, mapa
336 ## - TIPO DE CONTENIDO
Término de tipo de contenido texto
Código de tipo de contenido txt
Fuente rdacontent/spa
337 ## - TIPO DE MEDIO
Nombre/término del tipo de medio computadora
Código del tipo de medio c
Fuente rdamedia/spa
338 ## - TIPO DE SOPORTE
Nombre/término del tipo de soporte recurso en línea
Código del tipo de soporte cr
Fuente rdacarrier/spa
490 0# - MENCIÓN DE SERIE
Mención de serie Pública social ;
Designación de volumen o secuencia 12
504 ## - NOTA DE BIBLIOGRAFÍA, ETC.
Nota de bibliografía, etc. Nota Incluye referencias bibliográficas.
505 0# - NOTA DE CONTENIDO CON FORMATO
Nota de contenido con formato Revisión de una década de literatura sobre el patrimonio cultural inmaterial / Cristina Amescua Chávez -- Catálogo digital del patrimono cultural del estado de Querétaro : patrimonio quereterano, riqueza, memoria y diversidad / Diego Prieto y Alejandro Vázquez Estrada -- Puntos de partida y quehaceres del Archivo de la Palabra / Hilario Topete Lara -- Proceso de creación de documentos y archivos de tradición oral para la salvaguardia del PCI / Luis Francisco Rivero y Silvia Guillermina García -- Creación del cuadro de clasificación como medio de preservación de la pirekua en a región p'urhépecha de Charapan, Michoacán / Evelyn de Jesús Olmedo y Guillermo Cortés -- Estrategia para la documentación de una expresión de religiosidad popular : el caso de Santa Cruz Acalpixca, Xochimilco / Juan Carlos Montes Rodríguez y Montserrat Rebollo -- Salvaguardia del patrimonio cultural inmaterial : el Tendido de Cristos en San Martín de Hidalgo, Jalisco / Armando Méndez, Fátima Besabé Mendoza [y] Eduardo Ramírez López -- Divulgación del patrimonio intangible musical del mundo a través de la colección musical del Museo Nacional de las Culturas-INAH, México / Iskra A. Rojo Negrete -- Estrategías de preservación del danzón desde la sociedad civil / Anaid Yolatl Chávez -- Acervos en movimiento / Amparo Sevilla -- La representación del patrimonio inmaterial en los documentadores del "Archivo de la Palabra voz y eco de los pueblos originarios de la Mixteca / Carolina Buenrostro -- Museos y patromonio inmaterial : recorridos y propuestas / Luisa Fernanda Rico -- El espacio festivo como patrimonio cultural inmaterial : una propuesta transdisciplinaría / Estela Vega -- La fiesta de San Agustín Obispo en Tepactec, Hidalgo : políticas culturales de salvaguardia y gestión del PCI / Jesús Mendoza -- La celebración del carnaval en Morelos : resistencia e identidad (el origen de la danza del chinelo) / Armando Josué López -- El pan de muerto : una práctica culinaria en los municipios de Genaro Códina, ciuad Cuauhtémoc, Pinos y Zacatecas / María Magdalena Calcanaz -- El sabor de una tradición : la perviviencia de la porcicultura en La Piedad, Michoacán / Adriana Macías -- Los carpinteros de ribera y la construcción de embarcaciones tradicionales en Xochimilco : el conocimiento naval lacustre como un patrimonio en riesgo / Gabriel Francia, Rodrigo Vega, Jorge Manuel Herrera, Luis Torres y Luz Elena Gómez Cervantes -- Pascual Osorio : el personaje picaro del PCI local de Santa Catarina Tayata, Oaxaca / Carlos Antonio Lara -- Ex mineros de la Compañía Real del Monte y Pachuca : la historia de los obreros "sin voz" (1920-1940) / Norma Janeth Hernández -- La educación patrimonial : entre el objeto y el sujeto : una apuesta transdisciplinaria / Valentina Cantón.
588 ## - NOTA DE FUENTE DE LA DESCRIPCIÓN
Nota de fuente de la descripción Descripción basada en metadatos suministrados por el editor y otras fuentes.
590 ## - NOTA LOCAL (RLIN)
Nota local Recurso electrónico. Santa Fe, Arg.: elibro, 2019. Disponible vía World Wide Web. El acceso puede estar limitado para las bibliotecas afiliadas a elibro.
650 #0 - PUNTO DE ACCESO ADICIONAL DE MATERIA--TÉRMINO DE MATERIA
Término de materia o nombre geográfico como elemento de entrada Cultural property
Subdivisión general Protection
Subdivisión geográfica Mexico
Subdivisión de forma Congresses.
650 #0 - PUNTO DE ACCESO ADICIONAL DE MATERIA--TÉRMINO DE MATERIA
Término de materia o nombre geográfico como elemento de entrada Intangible property
Subdivisión general Protection
Subdivisión geográfica Mexico
Subdivisión de forma Congresses.
650 #0 - PUNTO DE ACCESO ADICIONAL DE MATERIA--TÉRMINO DE MATERIA
Término de materia o nombre geográfico como elemento de entrada Intangible property
Subdivisión general Government policy
Subdivisión geográfica Mexico
Subdivisión de forma Congresses.
650 #0 - PUNTO DE ACCESO ADICIONAL DE MATERIA--TÉRMINO DE MATERIA
Término de materia o nombre geográfico como elemento de entrada Oral tradition
Subdivisión general Protection
Subdivisión geográfica Mexico
Subdivisión de forma Congresses.
650 #4 - PUNTO DE ACCESO ADICIONAL DE MATERIA--TÉRMINO DE MATERIA
Término de materia o nombre geográfico como elemento de entrada Bienes culturales
Subdivisión general Protección
Subdivisión geográfica México
Subdivisión de forma Congresos.
650 #4 - PUNTO DE ACCESO ADICIONAL DE MATERIA--TÉRMINO DE MATERIA
Término de materia o nombre geográfico como elemento de entrada Propiedad intangible
Subdivisión general Protección
Subdivisión geográfica México
Subdivisión de forma Congresos.
650 #4 - PUNTO DE ACCESO ADICIONAL DE MATERIA--TÉRMINO DE MATERIA
Término de materia o nombre geográfico como elemento de entrada Propiedad intangible
Subdivisión general Política gubernamental
Subdivisión geográfica México
Subdivisión de forma Congresos.
650 #4 - PUNTO DE ACCESO ADICIONAL DE MATERIA--TÉRMINO DE MATERIA
Término de materia o nombre geográfico como elemento de entrada Tradición oral
Subdivisión general Protección
Subdivisión geográfica México
Subdivisión de forma Congresos.
655 #4 - TERMINO DE INDIZACIÓN--GENERO/FORMA
Datos o término principal de género/forma Libros electrónicos.
700 1# - ENTRADA AGREGADA--NOMBRE PERSONAL
Nombre de persona Amescua Chávez, Cristina,
Término indicativo de función/relación editor.
700 1# - ENTRADA AGREGADA--NOMBRE PERSONAL
Nombre de persona Topete Lara, Hilario,
Término indicativo de función/relación editor.
710 2# - ENTRADA AGREGADA--NOMBRE DE ENTIDAD CORPORATIVA
Nombre de entidad corporativa o nombre de jurisdicción como elemento de entrada Universidad Nacional Autónoma de México.
Unidad subordinada Centro Regional de Investigaciones Multidisciplinarias.
797 2# - PUNTO DE ACCESO ADICIONAL LOCAL--NOMBRE DE ENTIDAD CORPORATIVA (RLIN)
Nombre de entidad corporativa o nombre de jurisdicción como elemento de entrada elibro, Corp.
856 40 - LOCALIZACIÓN Y ACCESO ELECTRÓNICOS
Identificador Uniforme de Recurso <a href="https://elibro.net/ereader/politecnicointernacional/121674">https://elibro.net/ereader/politecnicointernacional/121674</a>

No hay ítems disponibles.


Politécnico Internacional

Institución de Educación Superior
Vigilado Mineducación.
SNES 4727 +4135 DEL 11 de nov. de 2004

Sedes

Sede Norte - Av. Boyacá 138 - 70

Sede Sur - Autopista Sur No 67 - 71

Sede Av Chile - Calle 73 Nº 10-45

Información Legal

Derechos Pecuniarios | Habeas Data | Reglamento Biblioteca


Compartir

YouTube | Twitter | Facebook | LinkedIn


Comunícate con nosotros:

Admisiones: 60-1-7950000
Atención al cliente: 60-1-4005700